Applikáció használat az élelmiszerkereskedelemben

Bibliographic Details
Main Author: Baranyai Lóránt
Other Authors: Békési Gábor György
Format: Project work
Kulcsszavak:applikáció
digitalizáció
élelmiszer
kedvezmények
kiskereskedelem
Online Access:http://dolgozattar.uni-bge.hu/59974

MARC

LEADER 00000nnm a2200000 i 4500
001 dolg59974
005 20260409145822.0
008 260409suuuu hu o 000 hun d
040 |a BGE Dolgozattár Repozitórium  |b hun 
041 |a hu 
100 1 |a Baranyai Lóránt 
245 1 0 |a Applikáció használat az élelmiszerkereskedelemben  |c Baranyai Lóránt  |h [elektronikus dokumentum] 
516 |a Project_work 
520 3 |a A Mobilalkalmazások szerepe és felhasználói igények az élelmiszer-kiskereskedelemben MagyarországonJelen kutatás a mobilalkalmazások élelmiszer-kiskereskedelmi szektorban való elterjedtségét és a magyarországi vásárlók applikációhasználati szokásait vizsgálja. A tanulmány kérdőíves felmérésen alapul, amely feltárja a fogyasztók preferált vásárlási módjait, a különböző típusú vásárlási applikációk ismertségét és használatát, valamint az áruházláncok saját mobilalkalmazásaival kapcsolatos attitűdjeiket. A kutatás részletesen elemzi az applikációk használatát ösztönző tényezőket, a használatot gátló okokat és a vásárlók által leginkább hiányolt funkciókat. Az eredmények rávilágítanak a digitális eszközök növekvő szerepére az élelmiszer-vásárlásban, az azonnali kedvezmények és hűségprogramok jelentőségére, valamint a felhasználói igényekre, amelyek a kényelem, az információ és a személyre szabott élmény irányába mutatnak. A kutatás következtetései értékes betekintést nyújtanak az élelmiszer-kiskereskedelmi vállalatok számára a mobilalkalmazásaik fejlesztéséhez és a vásárlói elégedettség növeléséhez a digitális térben. 
695 |a applikáció 
695 |a digitalizáció 
695 |a élelmiszer 
695 |a kedvezmények 
695 |a kiskereskedelem 
700 1 |a Békési Gábor György  |e ths 
856 4 0 |u http://dolgozattar.uni-bge.hu/59974/1/Projektmunka%20Baranyai%20L%C3%B3r%C3%A1nt.pdf  |z Dokumentum-elérés 
856 4 0 |u http://dolgozattar.uni-bge.hu/59974/2/Biralat_Baranyai%20L%C3%B3r%C3%A1nt.pdf  |z Dokumentum-elérés